00374pab a2200157 454500008004000000100002200040245002900062260000900091300001500100362000800115650001800123650002000141650000500161700002100166773002900187180718b2015 xxu||||| |||| 00| 0 eng d aGrossman, Gene M. aGlobalization and growth c2015 ap.100-104. aMay aGlobalization aEconomic growth a aHelpman, Elhanan aAmerican Economic Review